Finančné krízy: Strašidlo na emerging markets

Finančná kríza je základným rizikom rýchlo sa rozvíjajúcich trhov (emerging markets). Pôvod a charakteristika finančnej krízy. Vznik a šírenie finančnej krízy. Správanie sa investorov. Vývoj výnosov na vybraných emerging markets 1997-2004.

Gespeichert in:
Bibliographische Detailangaben
1. Verfasser: Baláž, Vladimír
Format: Buchkapitel
Sprache:Slowakisch
Schlagworte:
Tags: Tag hinzufügen
Keine Tags, Fügen Sie das erste Tag hinzu!

MARC

LEADER 00000naa$a2200000$$$4500
001 0019911
005 20231004124243.4
041 0 |a slo 
044 |a SK 
245 1 0 |a Finančné krízy: Strašidlo na emerging markets  |c Vladimír Baláž 
520 |a Finančná kríza je základným rizikom rýchlo sa rozvíjajúcich trhov (emerging markets). Pôvod a charakteristika finančnej krízy. Vznik a šírenie finančnej krízy. Správanie sa investorov. Vývoj výnosov na vybraných emerging markets 1997-2004. 
610 2 0 |a kríza finančná 
610 2 0 |a obchody burzové 
610 2 0 |a obchod medzinárodný 
610 2 0 |a bankovníctvo investičné 
610 2 0 |a investori 
610 2 0 |a riziko finančné 
100 1 |a Baláž, Vladimír